000 00969nam a2200241Ia 4500
003 OSt
005 20220923223953.0
006 a|||||r|||| 00| 0
007 ta
008 220922b |||||||| |||| 00| 0 hin d
024 _a223,705
037 _cTextual
040 _aARTS
_cARTS
_bhin
041 _2hin
_ahin
082 _aO15,1A2:g, 152P3
100 _aअग्रवाल, वासुदेवशरण
_9156285
245 0 _aभारत सावित्री
_b महाभारत का एक नवीन एवं सारगर्भित अध्ययन
246 _aBhārat sāvitrī: hinābhārat kā ek navīn evan sāragarbhit adhyayana
260 _aदिल्ली
_b सस्ता साहित्य मण्डल प्रकाशन
_c2003
300 _a800पृ.
_ccm.
942 _hO15,1A2:g, 152P3
_cTEXL
_2CC
999 _c368471
_d368471